Tradičné informačné zdroje sekundárneho výskumu

Postavenie a funkcie výskumu trhu v rámci marketingového výskumu. Úloha a proces sekundárneho výskumu. Klasifikácia tradičných zdrojov sekundárnych údajov. Externé zdroje sekundárnych údajov v SR (vládne zdroje, priemyselné zdroje, komerčné zdroje). Štátna štatistika - tradičný zdroj sekundárnych in...

ver descrição completa

Na minha lista:
Detalhes bibliográficos
Autor principal: Žák, Štefan, 1971-
Formato: Capítulo de Livro
Idioma:eslovaco
Assuntos:
Tags: Adicionar Tag
Sem tags, seja o primeiro a adicionar uma tag!

MARC

LEADER 00000naa$a2200000$$$4500
001 0078146
005 20240502071912.2
041 0 |a slo 
044 |a SK 
245 1 0 |a Tradičné informačné zdroje sekundárneho výskumu  |c Štefan Žák 
520 |a Postavenie a funkcie výskumu trhu v rámci marketingového výskumu. Úloha a proces sekundárneho výskumu. Klasifikácia tradičných zdrojov sekundárnych údajov. Externé zdroje sekundárnych údajov v SR (vládne zdroje, priemyselné zdroje, komerčné zdroje). Štátna štatistika - tradičný zdroj sekundárnych informácií pre marketingový výskum. 
610 2 0 |a výskum 
610 2 0 |a výskum trhu 
610 2 0 |a marketing 
610 2 0 |a zdroje informácií 
100 1 |a Žák, Štefan, 1971-